MLB Teams Ranked by Their Name's Weights - Statistics

General Stats
  • This quiz has been taken 15 times
  • The average score is 5 of 19
Answer Stats
Weight MLB Teams % Correct
147 Trillion Metric Tons Colorado Rockies
67%
1.68 Trillion LBS New York Mets
50%
Sunshine 0 LBS Tampa Bay Rays
50%
1.3 oz Baltimore Orioles
33%
0 LBS Cincinnati Reds
33%
1.5 oz St. Louis Cardinals
33%
3 oz Toronto Blue Jays
33%
4.5 LBS Arizona Diamondbacks
25%
2 oz Boston Red Sox I Chicago White Sox
25%
0 LBS Los Angeles Angels
25%
1800 LBS San Francisco Giants
25%
65 LBS Chicago Cubs
17%
680 LBS Detroit Tigers
17%
800 LBS Miami Marlins
17%
600 Billion LBS Minnesota Twins
8%
165 LBS (NL Teams) Atlanta Braves I Philadelphia Phillies I Washington Nationals I Milwaukee Brewers I Los Angeles Dodgers I San Diego Padres
0%
200 Tons Cleveland Guardians
0%
165 LBS (AL teams) Houston Astros I Kansas City Royals I New York Yankees I Oakland A's I Seattle Mariners I Texas Rangers
0%
175 LBS Pittsburgh Pirates (Human with Booty)
0%
No matching quizzes found
Score Distribution
Percent of People with Each Score
Percentile by Number Answered
Your Score History
You have not taken this quiz